000 00859nam a2200301Ia 4500
003 OSt
005 20220912150542.0
006 a|||||r|||| 00| 0
007 ta
008 220909b |||||||| |||| 00| 0 eng d
020 _a0412578107 (hbd)
024 _a3008
037 _bSelect,
037 _cTextual
040 _aCSL
_beng
_cCSL
041 _aeng
082 _aB2T0bD65,4, N4
100 _aSturt Edward Tr
245 0 _aNetwork management: concepts and tools
260 _aLondon
_bChapman Hall
_c1994
300 _axiv,245p
490 _aTelecommunications technology and applications series; 2
500 _aBibliography 235-240p
650 _aNetwork management
700 _a Arpege Group Ed.
942 _hB2T0bD65,4, N4
_cTEXL
_2CC
999 _c49753
_d49753